International trade union seminar on active manpower policy

Na minha lista:
Detalhes bibliográficos
Formato: Livro
Idioma:Undetermined
Publicado em: Paris Organization for Economic Co-Operation and Development 1964
Assuntos:
Tags: Adicionar Tag
Sem tags, seja o primeiro a adicionar uma tag!
Thư viện lưu trữ: Trung tâm Học liệu Trường Đại học Cần Thơ
LEADER 00465nam a2200145Ia 4500
001 CTU_78755
008 210402s9999 xx 000 0 und d
082 |a 331.88 
082 |b I.61 
245 0 |a International trade union seminar on active manpower policy 
260 |a Paris 
260 |b Organization for Economic Co-Operation and Development 
260 |c 1964 
650 |a International labor activities 
980 |a Trung tâm Học liệu Trường Đại học Cần Thơ